Kumāum̐nī (Hindī kī upabhāshā) ke kaviyoṃ kā vivecanātmaka adhyayana. (Record no. 74013)

MARC details
000 -LEADER
fixed length control field 00641cam a22002291 4500
001 - CONTROL NUMBER
control field sa 67003723
003 - CONTROL NUMBER IDENTIFIER
control field DLC
005 - DATE AND TIME OF LATEST TRANSACTION
control field 20260227112340.0
008 - FIXED-LENGTH DATA ELEMENTS--GENERAL INFORMATION
fixed length control field 920403s1966 ii c b 000 0 hino
010 ## - LIBRARY OF CONGRESS CONTROL NUMBER
LC control number sa 67003723
035 ## - SYSTEM CONTROL NUMBER
System control number (OCoLC)25588320
040 ## - CATALOGING SOURCE
Original cataloging agency DLC
Transcribing agency WaU
Modifying agency DLC
042 ## - AUTHENTICATION CODE
Authentication code premarc
050 00 - LIBRARY OF CONGRESS CALL NUMBER
Classification number PK2605.K8
Item number P3
100 1# - MAIN ENTRY--PERSONAL NAME
Personal name Pālīvāla, Nārāyaṇadatta,
Dates associated with a name 1929-
245 10 - TITLE STATEMENT
Title Kumāum̐nī (Hindī kī upabhāshā) ke kaviyoṃ kā vivecanātmaka adhyayana.
260 ## - PUBLICATION, DISTRIBUTION, ETC.
Date of publication, distribution, etc. 1966.
300 ## - PHYSICAL DESCRIPTION
Extent 19, 368 p.
Other physical details port.
Dimensions 25 cm.
500 ## - GENERAL NOTE
General note In Hindi.
504 ## - BIBLIOGRAPHY, ETC. NOTE
Bibliography, etc. note Bibliography: p. [364]-368.
650 #0 - SUBJECT ADDED ENTRY--TOPICAL TERM
Topical term or geographic name entry element Poets, Kumanni.

No items available.

Powered by Koha